000 00645nam a2200229Ia 4500
003 OSt
005 20220918215235.0
006 a|||||r|||| 00| 0
007 ta
008 220917b |||||||| |||| 00| 0 eng d
024 _a140,618
037 _cTextual
040 _aARTS
_cARTS
_beng
041 _2eng
_aeng
082 _aY:1:7.N9, N6
245 0 _aInterface of cultural identity and development edited by Baidyanath Saraswati
260 _aNew Delhi
_bIndira Gandhi National Centre for the Arts
_c1996
300 _axxi,290p.
_ccm.
650 _aSOCIOLOGY
942 _hY:1:7.N9, N6
_cTEXL
_2CC
999 _c263592
_d263592